Quizzes
Events
Quiz Creation
Community
Videos
Private Events
Remove Ads
Sign In
Join for FREE
Feedback
Dark Mode
Quiz Categories
Sports
Geography
Music
Movies
Television
Just For Fun
Miscellaneous
History
Literature
Language
Science
Gaming
Entertainment
Religion
Holiday
For Kids
Quiz Lab
Recent
Popular Today
Quiz Kudos Today
Editor Picks
Curator Picks
Quizzes by...
Day
Popularity
Type
Ratings
Length
Year
Community
Subscriptions
Recent Discussions
Orange Saloon
Badges
Playlists
Quests
Create
Leaderboards
Showdown
Live 5
Trivia Bingo
Activity
Puzzle Library
Sporcle Events
Private Events
Virtual Trivia
Globe League
Become a Host
Pub Owners
SporcleCon
Opinionation
Our Games
Videos
Blog
Mobile Apps
Partnerships
Remove Ads and Go Orange
Feedback
Science
Computer
Plants
Astronomy
Chemistry
Elements
Math
Animal
Physics
Anatomy
Biology
Geology
General Science
Science
Computer
Plants
Astronomy
Chemistry
Elements
Math
Animal
Physics
Anatomy
Biology
Geology
General Science
Random Quiz
Search Sporcle
×
Quiz Lab
Quiz Lab
Science
Disorder
Type in answers that appear in a list
Type in answers that appear in a list
Classic
Best Score? Go Orange.
Somatoform Disorders Stats
Can you name the Somatoform Disorders in the DSM IV-TR?
By
auenberg
4m
7 Questions
92 Plays
92 Plays
92 Plays
Comments
Comments
Give Quiz Kudos
Give Quiz Kudos
-
- Ratings
hide this ad
Replay
Link that replays current quiz
Next Quiz
Link to next quiz in quiz playlist
You Got
0%
They Got
Avg Score
55%
Avg Friend Score
Upgrade to see
Score Distribution
Jump to the score distribution portion of the page
Score
0/7
Timer
04:00
0
Plays Today
Hint
Diagnosis
% Correct
Excessive worry is key to diagnosis.
Hypochondriasis
87%
Examples: Pseudoseizures or Hysterical Blindness
Conversion Disorder
77.2%
Frequent visits to plastic surgeons.
Body Dysmorphic Disorder
66.3%
Often see anesthesiologists, other specialists.
Pain Disorder
63%
Multiple Complaints in Multiple Systems
Somatization Disorder
52.2%
Nonspecific Diagnosis II
Somatoform Disorder NOS
29.3%
Nonspecific Diagnosis
Undifferentiated Somatoform Disorder
14.1%
Quiz Playlist
Details
Report
Send in Message
Add To Playlist
Classic:
Type in answers that appear in a list
Last Updated: Feb 16, 2017
Quiz Scoreboard
CHALLENGE
Sign Up to Join the Scoreboard
Show All
Scores
Hide
Comments
May contain spoilers
Recently Published
Decade Duel: World Leaders
by jenniferyan
History
4m
Alphabetical 'K' Countries by Flag Minefield
by ylime102
Geography
3m
Pick 6: Fruits
by JohnFran
Miscellaneous
15s
More to Explore
Quiz From the Vault
Featured Blog Post
15 Basketball Trivia Facts You Can Be March Mad About
hide this ad
You Might Also Like...
Tags
diagnosis
Disorder
Today's Top Quizzes in Science
Browse Science
hide this ad
Today's Top Quizzes in Disorder
Browse Disorder
Top Contributed Quizzes in Science
1
Pick 6: Animals
2
Find the Spring Animals
3
Group Clicking: Animals II
4
The First 100 Digits of Pi
5
Flowers by Accent Chairs
6
Why is the sky blue? And other physics questions.
7
Square Numbers Scrambled (1-50)
8
Needlepoint Flowers
9
Needlepoint Flowers II
10
what months are considered part of the spring season/us
Explore More
Trending Topics
Disney
NBA
Kpop
Crossword
Marvel
Harry Potter
Anime
Country
Puzzle
NFL
Pokémon
Soccer
Song
WWE
The Office
hide this ad
More By:
auenberg
Quiz
Plays
Rating
Category
Featured
Created
Word Ladder: 4-Letter Colleges
29,726
4.17
Just For Fun
Mar 14, 2012
Depression
1,214
2.09
Science
Jul 5, 2011
Somatoform Disorders
92
4.50
Science
Jul 5, 2011
Go to Creator's Profile
Score Distribution
Quiz Creator Spotlight
auenberg
Follow
Send a Message
Quizzes Created
-
Created Quiz Play Count
-
More By This Creator
Popular Quizzes Today
1
Countries of Asia Without Outlines Minefield
2
Find the US States - No Outlines Minefield
3
Pick 6: Fruits
4
Alphabetical 'K' Countries by Flag Minefield
5
The Countries of the World
6
Find the Countries of Europe - No Outlines Minefield
7
Find the US States
8
US States
More Science Quizzes
Criteria Quickie: Animals
Published
Trending Quizzes
Pick 6: Mountains
Pick 6: Harry Potter
Pick 6: Flags
Pick 6: NFL Teams
Pick 6: Movie Franchises
Recently Updated
Adaptations: Name the Title
pecheneg
NWSL Teams
pecheneg
Women's Final Four Teams by Year
bhenderson79
Presidents Quartet II
eogle
Anything But Clue(do)
eogle
Anything But Oceanian Capitals
eogle
Anything But 7
eogle
Anything But Thing
eogle
Word Ladder: February 29
pecheneg
Song Title Questions
pecheneg
Trending Topics
Disney
Kpop
Anime
NBA
Crossword
Harry Potter
Marvel
Song
Pokémon
Soccer
Puzzle
WWE
NFL
The Office
Country
Your Account Isn't Verified!
In order to create a playlist on Sporcle, you need to verify the email address you used during registration. Go to your
Sporcle Settings
to finish the process.
Report this User
Report this user for behavior that violates our
Community Guidelines
.
Details:
Send Report
Go to the Sporcle.com Mobile Site →
Comments